000 00254nam a2200121 i 4500
001 bg
245 0 _aAxial flov compressors.
260 _aMalabar,
_c1985.
040 _cBPK
041 _apol
942 _cKS
008 s pl f |000 0 pol
999 _c23484
_d23484
856 _uhttp://koha.tu.koszalin.pl/cgi-bin/koha/opac-detail.pl?biblionumber=23484
_yKatalog online BPK